000 00533ntaaa2200193 4500
003 01
005 20251027202919.0
008 0714s1973 ag 01
040 _aAR-BaBN
_bspa
_cAR-BaBN
_eaacr
_dRIC
082 _a922.0000 P38
100 _aSalem, Luis D
245 _aFrancisco G Penzotti
250 _a1 ed.
260 _as.l. :
_bSociedades Bíblicas en América Latina,
_cs.f.
300 _a46 p
500 _aBiografía de Francisco G Penzotti (1851-1925)
650 _aPenzotti, Francisco G (1851-1925)
_929620
942 _cBK
999 _c24383
_d24383